Datum a čas kvízu
25
Celkem bodů
Celkový počet nahraných bodů na tomto kvízu bez doplňovacích otázek.
5.
Pořadí na kvízu
Konečné umístění týmu na tomto kvízu.
Zaznamenané odpovědi
| # | Otázka | Odpověď | Body | Výsledky |
|---|---|---|---|---|
| 1. | Minulý týden se konala velmi k... | zadek | 1 | |
| 2. | Sarah Mullally stanula minulý... | o anglikánskou církev | 0 | |
| 3. | U příležitosti narozenin jedné... | Marta Kubišová | 1 | |
| 4. | Minulý týden jsme se dozvěděli... | Allwyn | 0 | |
| 5. | Nejvyšší česká fotbalová liga... | FC Viktoria Plzeň, FK Pardubice | 1 | |
| 6. | Wikipedii s nejvyšší pravděpod... | z havajštiny | 1 | |
| 7. | Fanoušci kvízu občas jistě se... | A | 0 | |
| 8. | Dobrým zdrojem informací jsou... | Michal Suchánek, Richard Genzer | 0 | |
| 9. | Mnemotechnické pomůcky se hodí... | struny na kytaře (pořadí strun/tónů) | 1 | |
| 10. | Někdy však k úspěchu v kvízu s... | 1B 2D 3A 4C | 1 |